Výučba podnikovej ekonomiky a jej perspektívy

Analýza štruktúry študijných programov, ktoré by sa mali realizovať na Fakulte podnikového manažmentu Ekonomickej univerzity v Bratislave od akademického roku 2005/06. Pohľad na "Sústavu študijných odborov vysokoškolského vzdelávania Slovenskej republiky". Charakteristika študijných predmetov v uve...

ver descrição completa

Na minha lista:
Detalhes bibliográficos
Autor principal: Majtán, Štefan
Formato: Capítulo de Livro
Idioma:eslovaco
Assuntos:
Tags: Adicionar Tag
Sem tags, seja o primeiro a adicionar uma tag!

MARC

LEADER 00000naa$a2200000$$$4500
001 0028298
005 20240502071430.1
041 0 |a slo 
044 |a SK 
245 1 0 |a Výučba podnikovej ekonomiky a jej perspektívy  |c Štefan Majtán 
520 |a Analýza štruktúry študijných programov, ktoré by sa mali realizovať na Fakulte podnikového manažmentu Ekonomickej univerzity v Bratislave od akademického roku 2005/06. Pohľad na "Sústavu študijných odborov vysokoškolského vzdelávania Slovenskej republiky". Charakteristika študijných predmetov v uvedených študijných programoch z hľadiska priestoru podnikovej ekonomiky. Obsah a rozsah výučby predmetu podnikové hospodárstvo. 
610 2 0 |a vyučovanie 
610 2 0 |a programy študijné 
610 2 0 |a školy vysoké 
610 2 0 |a vzdelávanie vysokoškolské 
610 2 0 |a hospodárstvo podnikové 
610 2 0 |a teórie ekonomické 
610 2 0 |a Slovensko 
610 2 0 |a odbory študijné 
100 1 |a Majtán, Štefan